000 00561nam a2200217Ia 4500
005 20241129115711.0
008 241129s9999||||xx |||||||||||||| ||und||
020 _a9789355723635
037 _aTB
040 _aSDCL
_beng
_cSDCL
041 _aeng
_2eng
084 _aY:3(Q).2'L R3
_qSDCL
100 _aNandi Ramendra Nath
245 0 _aEarly Indian religion and society
260 _aDelhi
_bPrimus
_c2023
300 _axii,347p.
365 _aINR
_b1595
650 _aReference
942 _cTB
_hY:3(Q).2'L R3
999 _c1231626
_d1231626